Lịch sử tư tưởng kinh tế; T1

Đã lưu trong:
Bibliografiske detaljer
Hovedforfatter: I D Dansov
Format: Bog
Sprog:Undetermined
Udgivet: Hà Nội KHXH 1973
Fag:
Tags: Tilføj Tag
Ingen Tags, Vær først til at tagge denne postø!
Thư viện lưu trữ: Trung tâm Học liệu Trường Đại học Cần Thơ
LEADER 00504nam a2200181Ia 4500
001 CTU_5567
008 210402s9999 xx 000 0 und d
082 |a 330.01 
082 |b U18/T1 
100 |a I D Dansov 
245 0 |a Lịch sử tư tưởng kinh tế; T1 
245 0 |c I D Dansov 
260 |a Hà Nội 
260 |b KHXH 
260 |c 1973 
650 |a economics - history 
904 |i Nguyễn Quang Điền, 960723 
980 |a Trung tâm Học liệu Trường Đại học Cần Thơ